The TIMES Comprehensive atlas of the world Times Books.
Saved in:
| Main Author: | |
|---|---|
| Format: | Book |
| Language: | English |
| Published: |
2014
|
| Tags: |
Add Tag
No Tags, Be the first to tag this record!
|
MARC
| LEADER | 00000nam a22000007a 4500 | ||
|---|---|---|---|
| 008 | 210120b ||||| |||| 00| 0 eng d | ||
| 020 | |a : 978-000-755140-8 | ||
| 100 | |a Great Britain | ||
| 245 | |a The TIMES Comprehensive atlas of the world |b Times Books. |c Great Britain. | ||
| 250 | |b 14th | ||
| 260 | |c 2014 |h Glasgow |i 689370 – Ref |l G1021 .T48 | ||
| 942 | |a lcc |c BK |e Mr ogunleye | ||
| 952 | |0 0 |1 0 |2 lcc |4 0 |6 G1021 T48 |7 0 |9 1322 |a HOL |b HOL |d 2021-01-20 |l 0 |o G1021 .T48 |p 2021-0135 |r 2021-01-20 00:00:00 |w 2021-01-20 |y BK | ||
| 999 | |c 686 |d 686 | ||